000
00313nam a2200145 a 4500
001
2043
005
20140414131938.0
008
040110s19uu xx 00 eng d
020
_a
0-7214-7922-7
050
_a
ER
_b
T69
245
_a
Toy story 2.
260
_b
Ladybird.
300
_a
p. ; cm.
999
_c
112499
_d
112499